[Event "Magistral 50 Blanca 2022"]
[Site "Buenos Aires"]
[Date "2022.03.29"]
[Round "5.1"]
[White "Romero Barreto, Jaime Jose"]
[Black "Diaz Hollemaert, Nahuel"]
[Result "1-0"]
[WhiteElo "2333"]
[BlackElo "2439"]
[Annotator "TA"]
[PlyCount "65"]
[EventDate "2022.03.25"]
[EventType "tourn"]
[EventCountry "ARG"]
[SourceTitle "playchess.com"]
[Source "ChessBase"]
[SourceQuality "1"]

{[%evp 14,65,24,14,45,45,41,29,42,11,11,0,9,11,20,-14,0,-8,0,-1,13,15,20,13,35,0,0,0,0,-31,37,0,64,54,106,113,85,98,108,108,196,77,74,76,80,90,84,82,701,682,775,767,657,461]} 1. e4 c5 2. c3 {[%cal Bc2c3,Bc3d4,Bd4e5][%mdl 32]} Nf6 {[%cal Bg8f6,Bf6d5,Bd5b6][%mdl 32]} 3. e5 Nd5 4. d4 e6 5. Nf3 cxd4 6. cxd4 d6 7. Bc4 Nb6 8. Bd3 dxe5 {B22: Sicilian: 2 c3.} 9. dxe5 Na6 10. Qe2 Nc5 {White has an edge.} 11. Bb5+ Bd7 {[#]} 12. Nc3 $146 ({Predecessor:} 12. O-O Bxb5 13. Qxb5+ Qd7 14. Nc3 Qxb5 15. Nxb5 Nd5 16. Bd2 Nd3 17. Bc3 a6 18. Rfd1 Nxe5 19. Rxd5 Nxf3+ 20. gxf3 exd5 {½-½ (49) Cuartas,J (2521)-Fargere,F (2480) Barcelona 2009}) 12... Be7 13. O-O (13. b4 Nca4 14. Nxa4 Bxb4+ 15. Bd2 Bxd2+ 16. Nxd2 Nxa4 $15) 13... O-O 14. Rd1 {[#]} Bxb5 $1 15. Qxb5 Qe8 16. Qb4 Nd3 17. Qe4 Nxc1 18. Raxc1 Qb8 19. Rd3 Rc8 20. Rcd1 Rc5 21. Qf4 f5 (21... Qc7 $15) 22. a4 (22. Qb4 $5 {[%cal Rb4b3]}) 22... a5 (22... Qe8 $11) 23. g4 $14 Qf8 {[#]} (23... Nc4 $14) 24. Nd4 $1 $16 {[%csl LRe6,LRf5]} fxg4 25. Qxg4 Qf7 26. f4 {White is much more active.} ({Reject} 26. Nxe6 $6 h5 27. Qh3 Rxe5 $11) (26. Qxe6 Qxe6 27. Nxe6 Rxe5 $15) 26... Rc4 (26... Nc4 $16 {was worth a try.} 27. Rg3 (27. Nxe6 h5 $11) (27. Qxe6 $2 Nxb2 28. Qxf7+ Kxf7 $19) 27... h5 28. Qxe6 h4 29. Qxf7+ Kxf7) 27. b3 ({Worse is} 27. Qxe6 Nxa4 28. Nxa4 Rxa4 $11) (27. Nxe6 $18 {is the precise move to win. And now Nb5 would win.} g5 28. b3) 27... Rxd4 28. Rxd4 {Black must now prevent Kh1.} Bc5 {[#]} 29. Ne4 $1 Bxd4+ 30. Rxd4 {Strongly threatening Ng5.} Re8 $2 {[%mdl 8192]} (30... h6 $16) 31. Nf6+ $18 {White is clearly winning.} Kh8 32. Nxe8 Qxe8 33. Rd6 {[%csl LRb6,LRe6] Weighted Error Value: White=0.15 (very precise) /Black=0.20 (precise)} 1-0

[Event "Magistral 50 Blanca 2022"]
[Site "Buenos Aires"]
[Date "2022.03.29"]
[Round "5.2"]
[White "Labollita, Martin"]
[Black "Santiago, Yago De Moura"]
[Result "1/2-1/2"]
[WhiteElo "2388"]
[BlackElo "2494"]
[Annotator "TA"]
[PlyCount "59"]
[EventDate "2022.03.25"]
[EventType "tourn"]
[EventCountry "ARG"]
[SourceTitle "playchess.com"]
[Source "ChessBase"]
[SourceQuality "1"]

{[%evp 11,59,5,0,1,20,23,46,43,52,27,20,3,0,0,20,4,24,-2,0,0,7,0,35,25,39,4,22,3,10,16,0,6,0,13,38,0,0,0,0,0,0,0,10,0,0,0,0,0,0,0]} 1. d4 Nf6 2. Nf3 g6 3. Bg5 Bg7 4. Nbd2 O-O 5. c3 d6 6. e4 c5 7. d5 {A48: 1 d4 Nf6 2 Nf3 g6: Torre, London and Colle Systems.} e6 $1 {[%mdl 4] now scores much better than the old 7...h6.} 8. Bc4 {[#]} e5 $146 ({Predecessor:} 8... exd5 9. Bxd5 Nbd7 10. Nc4 h6 11. Bxf6 Nxf6 12. Nxd6 Nxd5 13. Qxd5 Bg4 14. Qxc5 Qe7 {0-1 (30) Torre,E (2458)-Al Sayed,M (2510) Ashkhabad 2017}) 9. O-O {White is slightly better.} h6 10. Bxf6 (10. Bh4 {with more complications.} Nbd7 11. a4 Nb6 12. Bd3 a5 13. Re1) 10... Qxf6 11. b4 cxb4 12. cxb4 Qd8 13. Qc2 f5 14. Rfc1 a5 15. bxa5 Rxa5 16. a4 fxe4 17. Nxe4 Bf5 18. Rab1 Nd7 19. Bd3 ({Wrong is} 19. Rxb7 $2 Bxe4 20. Rxd7 (20. Qxe4 $2 Nc5 $19) 20... Bxc2 $19) 19... Nc5 $1 20. Nxc5 Rxc5 21. Qe2 Rxc1+ 22. Rxc1 Qa5 {[%cal Oe5e4]} 23. Bb5 Qb4 {The position is equal.} 24. Qd2 Qe4 25. Rc4 Qb1+ 26. Rc1 Qb3 27. Rc3 Qb4 28. Rc4 Qb1+ 29. Rc1 Qb3 30. Rc3 {Weighted Error Value: White=0.09 (flawless) /Black=0.09 (flawless)} 1/2-1/2

[Event "Magistral 50 Blanca 2022"]
[Site "Buenos Aires"]
[Date "2022.03.29"]
[Round "5.3"]
[White "Pichot, Alan"]
[Black "Flores, Diego"]
[Result "1/2-1/2"]
[WhiteElo "2625"]
[BlackElo "2566"]
[Annotator "TA"]
[PlyCount "89"]
[EventDate "2022.03.25"]
[EventType "tourn"]
[EventCountry "ARG"]
[SourceTitle "playchess.com"]
[Source "ChessBase"]
[SourceQuality "1"]

{[%evp 17,89,33,26,0,30,25,737,33,33,-8,0,-7,0,-20,-14,-16,-18,-45,-10,-18,-13,-30,0,-56,-68,-70,-63,-62,-65,-64,-68,-61,-61,-61,-27,-35,-26,-130,-119,-239,-243,-242,-229,-184,-125,-122,-51,-55,-14,-17,-18,-29,-26,-57,0,0,0,0,0,0,0,0,0,0,0,0,0,0,0,0,0,0,0,0]} 1. e4 c5 2. Nf3 e6 3. d4 cxd4 4. Nxd4 Nf6 5. Nc3 Nc6 6. Nxc6 bxc6 7. e5 Nd5 8. Ne4 Qc7 9. f4 Qb6 10. a3 {[#] Inhibits Qb4+. B45: Sicilian Four Knights.} (10. c4 $5 {[%cal Rc4d5]}) 10... Bb7 $146 ({Predecessor:} 10... Rb8 11. Qd3 f5 12. exf6 Nxf6 13. Nxf6+ gxf6 14. Be2 Bg7 15. Be3 Qa5+ 16. b4 Qd5 17. Bxa7 Ra8 {1-0 (42) Nepomniachtchi,I (2773)-Ponkratov,P (2641) Chess.com INT 2022}) 11. c4 Ne7 {[%mdl 8192]} (11... Ne3 $11 12. Qd3 Nxf1 13. Rxf1 c5) 12. Qd3 $2 (12. c5 $18 Qc7 13. Nd6+ Kd8 14. Nxf7+ Kc8 15. Nxh8) 12... Nf5 $14 13. Bd2 (13. g4 $1 $14 Nd4 14. b4) 13... c5 $11 14. O-O-O {[%cal Od2a5]} Rd8 15. Bc3 d5 16. exd6 $1 Bxd6 17. Qf3 Be7 {...Rxd1+ is the strong threat.} 18. Rxd8+ Qxd8 19. Bd3 Nd4 20. Qh5 (20. Nf6+ $11 Bxf6 21. Qxb7) 20... g6 $15 21. Qh6 Bf8 22. Qh3 Bxe4 23. Bxe4 {[%cal Oe4c6]} Bg7 24. Kb1 O-O 25. g4 Qc7 26. f5 Qf4 {[%csl LRe4,LRf5]} 27. Bd3 (27. Re1 $11) 27... Nf3 $17 {aiming for ...Bxc3.} ({But not} 27... gxf5 28. gxf5 exf5 29. Rg1 $14) 28. Rc1 {[#]} (28. Bxg7 $17 Kxg7 29. Qg3) 28... Rd8 $1 $19 29. Bxg7 Kxg7 ({Worse is} 29... Rxd3 30. Qh6 Qxh6 31. Bxh6 $17) 30. Rc3 Ne5 ({Black should play} 30... e5 $19 31. Qg3 Rd4) 31. fxe6 $17 Nxd3 ({Black should try} 31... fxe6 $17 32. Bc2 Qxg4 33. Qxg4 Nxg4) 32. e7 $15 {[#]} (32. Rxd3 $2 Qe4 33. Kc2 Qe2+ 34. Kc3 Qe5+ 35. Kc2 Qe2+ 36. Kc3 Rb8 $19) 32... Qd2 $1 33. Qxd3 $1 $11 {Really sharp!} Rxd3 34. e8=Q {Prevents Qe1+.} Rxc3 35. Qe5+ f6 (35... Kh6 $15 36. bxc3 Qd3+ 37. Kb2 Qxc4) 36. Qe7+ {The position is equal.} Kh6 37. bxc3 {[%mdl 4096] Endgame KQ-KQ} Qf2 38. Qxa7 Qg1+ 39. Kb2 Qxh2+ 40. Kb3 Qg1 41. a4 Qd1+ 42. Kb2 Qe2+ 43. Kb3 Qd1+ 44. Kb2 Qd2+ 45. Kb3 {Weighted Error Value: White=0.34/Black=0.12 (very precise)} 1/2-1/2

[Event "Magistral 50 Blanca 2022"]
[Site "Buenos Aires"]
[Date "2022.03.29"]
[Round "5.4"]
[White "Roselli Mailhe, Bernardo"]
[Black "Paveto, Kevin"]
[Result "0-1"]
[WhiteElo "2423"]
[BlackElo "2462"]
[Annotator "TA"]
[PlyCount "126"]
[EventDate "2022.03.25"]
[EventType "tourn"]
[EventCountry "ARG"]
[SourceTitle "playchess.com"]
[Source "ChessBase"]
[SourceQuality "1"]

{[%evp 9,126,0,0,0,-12,-14,19,21,37,33,62,69,68,68,60,83,139,141,124,112,116,125,112,118,191,196,235,235,231,237,229,228,369,373,379,383,369,351,368,373,583,580,525,483,429,461,452,440,446,437,554,95,87,62,68,62,113,104,125,62,85,90,90,96,181,14,12,20,12,-288,-282,-584,0,-661,-637,-598,25,25,25,25,25,25,69,0,0,0,0,0,0,0,8,8,9,8,14,0,0,-13,0,-164,-164,-265,-256,-274,-263,-293,-265,-308,-323,-529,-130,-684,-654,-29991,-29992,-29995,-29996,-29997,-29998]} 1. d4 Nf6 2. Nf3 g6 3. Bf4 Bg7 4. Nc3 d5 5. Nb5 Na6 6. e3 {D00: 1 d4 d5: Unusual lines.} O-O {6...0-0 scores better than 6...c6.} 7. Be2 c5 8. h3 {The position is equal.} Qb6 9. O-O c4 10. a4 Bf5 11. c3 {[#] Prevents Nb4.} Rfc8 $146 ({Predecessor:} 11... Rac8 12. Nd2 Nb8 13. b4 cxb3 14. Bxb8 Bc2 15. Qc1 Rxb8 16. Qb2 a6 17. Na3 Bf5 18. Qxb3 Qxb3 19. Nxb3 {½-½ (48) Kabanov,N (2478)-Barskij,V (2386) Sochi 2017}) 12. b3 Ne4 (12... cxb3 $142 13. Qxb3 Be6) 13. bxc4 $16 dxc4 14. Nd2 Nxd2 15. Qxd2 Nb8 16. Na3 Qa6 (16... Bd3 $16) 17. Nxc4 $1 $18 {[%cal Oc4d6]} Rxc4 18. Qa2 $1 {[%mdl 64] Pin} Be6 19. d5 {Inhibits Qc6.} Bxd5 20. Rfd1 Nd7 (20... Rxf4 $142 21. Rxd5 Qb6) 21. Rxd5 Nb6 {[%cal Rc4a4]} 22. Bxc4 Nxc4 23. Rad1 {And now Rd8+ would win.} Bf6 24. Rc5 Nb6 (24... Nd6 $142 25. Bxd6 Rd8) 25. a5 e6 26. e4 {Prevents Nd5.} Be7 27. Bd6 Rd8 28. e5 (28. Bxe7 Rxd1+ 29. Kh2 Nd7 $18) 28... Bg5 29. Qb3 Nd7 30. Rc4 (30. Rb5 $18) 30... Nxe5 $16 31. Rcd4 Nc6 32. R4d3 Rd7 ({Black should try} 32... Bf6 $14) 33. c4 {[%cal Bc3c4,Bc4c5][%mdl 32]} Qxa5 34. Qb5 (34. Bg3 $1 $16 Rxd3 35. Rxd3) 34... Qd8 35. c5 {[%mdl 1024] White has strong compensation.} a6 36. Qb1 Qa5 (36... Qa8 $16 {is a better defense.}) 37. Qb2 $2 (37. Bg3 $1 $18 Re7 38. Rd7) 37... Qa4 $1 $11 38. Ra1 Qe4 39. Bf8 $2 {[%mdl 8192]} Nd4 $19 {Dancing on a razor blade.} 40. Rad1 (40. Rxd4 {is more resistant.} Rxd4 41. Bd6) 40... Bf6 $2 ({Black should play} 40... Kxf8 $19 41. Kh1 (41. Rxd4 $2 Bf6 $19) 41... e5) 41. Qa3 $2 {[%mdl 8192]} Ne2+ (41... Kxf8 42. c6+ Re7 43. c7 $18) 42. Kf1 Rxd3 (42... Nf4 $19 43. Rxd7 Qxg2+ 44. Ke1 Qg1+ 45. Kd2 Qxf2+ 46. Kc1 Ne2+ 47. Kb1 Nc3+ 48. Kc1 Ne2+ 49. Kb1 Nc3+ 50. Kc1 Ne2+) 43. Qxd3 $11 Qxd3 44. Rxd3 $19 {[%mdl 4096] Endgame KRB-KBN} Nf4 45. Rf3 Nd5 (45... Kxf8 $11 46. Rxf4 Be7) 46. Bd6 (46. Bh6 $1 $14) 46... Bc3 $1 $11 47. Ke2 Bb4 48. Rb3 a5 {Strongly threatening ...a4.} 49. Kd3 f6 50. Kc4 Kf7 51. h4 Ke8 52. g4 Kd7 {...Kc6 is the strong threat.} 53. g5 f5 54. h5 $2 {[#]} (54. Kb5 $11 {and White is okay.}) 54... Kc6 $1 $19 {aiming for ...b5+.} (54... gxh5 55. Rh3 Kc6 56. Rxh5 b5+ 57. Kd4 $14) 55. hxg6 (55. Kd3 {might work better.}) 55... hxg6 {Threatens to win with ...b5+.} 56. Rh3 b5+ 57. Kb3 a4+ ({Worse is} 57... Bxc5 58. Bxc5 Kxc5 59. Rh8 $17) 58. Kb2 {[#]} Bd2 $1 ({Don't blunder} 58... Bxc5 $2 59. Bxc5 Kxc5 60. Rh1 $19) 59. Rh6 $2 (59. Be5 Bxg5 60. Rh8) 59... b4 $2 (59... Bc3+ $19 60. Kb1 b4) 60. Rxg6 $2 {[%mdl 8192]} (60. Be5 $17 Bxg5 61. Rxg6) 60... Bc3+ 61. Ka2 b3+ {[%cal Bb4b3,Bb3b2][%mdl 32] Black mates.} 62. Ka3 b2 63. Ka2 Nb4+ {What a fight!  Weighted Error Value: White=0.70/Black=0.50} 0-1

[Event "Magistral 50 Blanca 2022"]
[Site "Buenos Aires"]
[Date "2022.03.29"]
[Round "5.5"]
[White "Fiorito, Fabian"]
[Black "Tokman, Ariel"]
[Result "0-1"]
[WhiteElo "2357"]
[BlackElo "2315"]
[Annotator "TA"]
[PlyCount "102"]
[EventDate "2022.03.25"]
[EventType "tourn"]
[EventCountry "ARG"]
[SourceTitle "playchess.com"]
[Source "ChessBase"]
[SourceQuality "1"]

{[%evp 12,102,39,29,44,33,33,43,64,52,61,49,77,70,100,103,117,110,83,87,121,120,163,161,190,178,218,131,287,0,0,0,0,0,0,0,0,-22,0,0,0,0,0,-11,-16,-14,-8,-14,-16,-25,15,17,17,0,0,0,0,0,0,0,0,0,16,0,0,-70,-68,-89,-71,-88,-40,-73,-27,-43,-8,-79,-79,-86,-82,-88,-79,-154,-147,-228,-226,-243,-241,-245,-190,-29975,-29976,-29973,-307]} 1. d4 Nf6 2. Nf3 e6 3. g3 c5 4. Bg2 Nc6 5. c4 {[%cal Bc2c4,Bc4c5][%mdl 32]} cxd4 6. Nxd4 Bc5 7. Nb3 Bb6 {A32: Symmetrical English: 2 Nf3 Nf6 3 d4 cxd4 4 Nxd4 e6.} 8. Nc3 O-O {[%cal Od7d5]} 9. O-O h6 {White is slightly better.} 10. c5 Bc7 11. Nb5 {[#]} Be5 $146 ({Predecessor:} 11... Bb8 12. Be3 Be5 13. Qd2 Ne8 14. Rac1 f5 15. Rfd1 Qf6 16. f4 Bxb2 17. Rc2 a6 18. Rxb2 axb5 {½-½ (37) Hamer,I (1976)-Zelenika,Z (2111) Krapina 2018}) 12. e4 {[%cal Be2e4,Be4e5][%mdl 32]} b6 13. f4 Bc7 14. Nxc7 Qxc7 15. Be3 Bb7 16. Rc1 Rfd8 (16... Qb8 $16 {was necessary.} 17. e5 (17. cxb6 axb6 18. e5 Nd5 $16) 17... Nh7) 17. e5 $18 Nd5 18. Bxd5 exd5 19. Nd4 (19. Qxd5 Nxe5 20. Qd2 (20. Qxe5 $2 Qc6 $19) 20... Nf3+ 21. Rxf3 Bxf3 22. cxb6 Qb7 23. bxa7 Re8 $11) 19... bxc5 $2 {[#]} (19... Nxd4 $16 20. Bxd4 bxc5) 20. Rxc5 $2 ({White must play} 20. Nf5 $1 $18 {aiming for Qg4.} d4 21. Bd2 (21. Qg4 g6 $16)) 20... d6 $11 21. exd6 ({But not} 21. Rxd5 Nxd4 22. Rxd4 dxe5 $17) 21... Qxd6 22. Nxc6 Bxc6 {[%cal Bb7c6,Bc6d7,Bd7e6,Be6f7,Bf7h5][%mdl 32]} 23. Bd4 f6 24. Qg4 Re8 25. Rfc1 $1 Bd7 26. Qh5 Be6 27. Rc7 Re7 $1 28. Rxe7 Qxe7 29. Qe2 {[%cal Of4f5]} Qd7 30. Qa6 Bf7 31. Qc6 Qd8 32. Kf2 Rb8 33. Qc7 Qe8 34. Re1 Qf8 35. Re2 Bh5 36. Re7 {[%cal Oe7g7] Hoping for Rxg7+!} (36. Bxa7 $2 Rc8 37. Qe7 Bxe2 38. Qxe2 Ra8 $19) 36... Re8 (36... Rb4 {is more complex.} 37. Bc3 Rc4 38. Qxa7 d4 39. Re4 Bg4) 37. Bc5 {And now Rd7 would win.} Rxe7 38. Qxe7 (38. Bxe7 $11 Qf7 39. h3) 38... Qc8 $1 $15 39. Qe3 a6 40. b4 Bg6 {Prevents Qd3.} (40... Qf5 $17 41. Qd2 Qe4) 41. a3 Be4 (41... Qh3 $17 42. Kg1 (42. Qe7 $2 Qxh2+ 43. Kf1 Qh3+ 44. Ke2 Qg2+ 45. Ke1 Qxg3+ 46. Ke2 Qd3+ 47. Ke1 Be4 $19) 42... Qg4) 42. Ke1 Qe8 43. Kf2 (43. g4 $11) 43... Qh5 $17 44. h4 Qd1 45. Qe2 Qh1 {White must now prevent ...Qg2+. Black is more active.} 46. Ke3 ({Better is} 46. Qe3) 46... Qg1+ 47. Kd2 (47. Qf2 $17 Qc1+ 48. Ke2) 47... Qxg3 $19 48. Qxa6 Qxf4+ 49. Be3 Qxh4 50. Kc3 $2 {[#]} (50. Qe2 $19) 50... Qe1+ 51. Bd2 Qa1+ {Black used his chance.  Weighted Error Value: White=0.37/Black=0.15 (very precise)} 0-1

[Event "Magistral 50 Blanca 2022"]
[Site "Buenos Aires"]
[Date "2022.03.30"]
[Round "6.1"]
[White "Diaz Hollemaert, Nahuel"]
[Black "Tokman, Ariel"]
[Result "1-0"]
[WhiteElo "2439"]
[BlackElo "2315"]
[Annotator "TA"]
[PlyCount "115"]
[EventDate "2022.03.25"]
[EventType "tourn"]
[EventCountry "ARG"]
[SourceTitle "playchess.com"]
[Source "ChessBase"]
[SourceQuality "1"]

{[%evp 9,115,0,0,-5,-4,0,0,0,0,0,0,0,0,0,-8,-16,-18,-12,0,0,-10,-38,-28,-28,-37,-55,-58,-38,-27,-28,-24,-24,-25,-28,-29,-31,-31,-29,-21,-81,-79,-83,-52,-166,-175,-161,-131,-200,-197,-239,-238,-283,-314,-324,-350,-329,-213,-264,-269,-299,-291,-406,-416,-464,-431,-431,-451,-434,-367,-345,-314,-327,-238,-230,0,-312,0,-252,-260,-256,-257,-248,-239,-260,-195,-177,-77,-72,-62,-70,-67,-75,-68,-66,0,0,0,0,0,0,0,0,0,0,29988,29989,29989,29990]} 1. Nf3 Nf6 2. c4 c6 3. g3 d5 4. b3 dxc4 5. bxc4 e5 6. Nc3 {A12: English Opening: 1...c6 with b3 by White.} Bd6 7. Bg2 $1 O-O 8. O-O {The position is equal.} Na6 9. Rb1 Qe7 10. d3 Nc5 {[#]} 11. Bg5 $146 ({Predecessor:} 11. Nd2 Bf5 12. Nb3 Ne6 13. Bd2 Rad8 14. Re1 Rd7 15. h3 Bg6 16. Be3 h5 17. Bxa7 {0-1 (32) Papa,S (2414)-Braun,A (2554) Shenzhen 2011}) 11... h6 12. Bxf6 Qxf6 13. Nd2 Qe7 14. e3 Bf5 15. Nde4 (15. d4 $5 {[%cal Rd4c5]} Ne6 16. Nce4 $11) 15... Rfd8 16. Qe2 Rd7 17. Nxc5 Bxc5 {This bishop pair is nice.} 18. Ne4 Bb6 19. g4 Be6 20. Rfc1 Rb8 21. c5 Bc7 22. Ng3 Rdd8 23. Be4 g6 24. Bg2 (24. Rb4 $11) 24... Qd7 $17 {[%csl LRd3,LRg4]} 25. Ne4 Kg7 {To avoid Nf6} 26. g5 {[#]} (26. Qf3 $15) 26... hxg5 $1 $19 27. Nxg5 Bg4 (27... Qxd3 28. Qxd3 Rxd3 29. Nxe6+ fxe6 30. Rb2 $11) 28. f3 (28. Bf3 $17 Bxf3 29. Qxf3) 28... Bf5 29. Rb3 (29. e4 $142 Qd4+ 30. Kf1) 29... Bxd3 30. Qb2 Qe7 31. Ne4 Bxe4 32. fxe4 b5 {White must now prevent ...Ba5.} 33. cxb6 Bxb6 (33... Rxb6 $2 34. Qc2 $19) 34. Qe2 Rd6 35. Rd3 Rxd3 36. Qxd3 Rd8 37. Qc3 Qg5 38. Re1 Rh8 39. Re2 Rh3 {[%cal Rb6e3]} 40. Kh1 Rh5 ({Weaker is} 40... Bxe3 41. Qe1 Bd2 42. Qxd2 Qxd2 43. Rxd2 $16) 41. Bf3 Rh3 42. Bg2 Rh8 (42... Bxe3 43. Qe1 Bd2 44. Qxd2 Qxd2 45. Rxd2 $16) ({Black should play} 42... Rxe3 $19 43. Rxe3 Bxe3 44. Qxc6 Qh4) 43. Qe1 {[%mdl 8192]} (43. Kg1 $1 $11 {and White stays safe.} Rh3 44. Kh1) 43... Qh5 {[%csl Gh8][%cal Rh5h2]} 44. h3 Rd8 {[%cal Ob6e3]} 45. Kh2 Rd3 46. Bf1 Rd6 47. Qg3 Rd1 (47... Bd8 $19 {has better winning chances. And now ...Rd1 would win.} 48. Rg2 Bh4) 48. Rf2 $17 {Hoping for Be2.} Rd7 49. Be2 Qh6 50. Qxe5+ {[#]} Kf8 $1 {Threatens to win with ...Bc7.} ({But not} 50... Kh7 51. Qe8 Qxe3 52. Rxf7+ Rxf7 53. Qxf7+ Kh8 54. Qf8+ Kh7 55. Qf7+ Kh8 56. Qf8+ Kh7 57. Qf7+ $11) 51. Qb8+ Kg7 ({Better is} 51... Bd8 $15 52. Qf4 Bc7) 52. Qe5+ $1 $11 ({Not} 52. Rf4 $2 Bc7 53. Qb2+ Kg8 $19) 52... Kh7 {...Bc7 is the strong threat.} 53. Qe8 $1 {[%csl LRd7,LRf7]} Qxe3 54. Rxf7+ Rxf7 55. Qxf7+ Kh6 {[%csl Gb6][%cal Re3g1]} 56. Qf8+ Kg5 $2 {[%mdl 8192]} (56... Kh7 $11 57. Qe7+ Kh8 58. Qf6+ Kh7 59. Qe7+ Kh8 60. Qf6+ Kh7 61. Qe7+) 57. h4+ $1 Kxh4 58. Qf6+ {Never resign too early!  Weighted Error Value: White=0.19 (very precise) /Black=0.40} 1-0